Normal view
MARC view
- Suls, Jerry M.
Entry Personal Name
001 - CONTROL NUMBER
- control field: 12353
003 - CONTROL NUMBER IDENTIFIER
- control field: NUST
005 - DATE AND TIME OF LATEST TRANSACTION
- control field: 20181016102213.0
008 - FIXED-LENGTH DATA ELEMENTS
- fixed length control field: 181016|| aca||aabn | a|a d
040 ## - CATALOGING SOURCE
- Original cataloging agency: NUST
- Transcribing agency: NUST
100 ## - HEADING--PERSONAL NAME
- Personal name: Suls, Jerry M.
670 ## - SOURCE DATA FOUND
- Source citation: Work cat.: (NUST)0: Social psychology of health and illness /, 2011
